Efektívnosť verejných výdavkov vo vzťahu k rozvoju spoločnosti v krajinách európskej únie

Vyhodnotenie efektívnosti verejných výdavkov vybraných štátov Európskej únie v kontexte rozvoja spoločnosti a identifikovanie štátov, ktoré v tomto kontexte narábajú neefektívne s verejnými výdavkami v porovnaní s ostatnými štátmi.

Guardado en:
Detalles Bibliográficos
Autor principal: Kráľ, Pavol
Otros Autores: Pischko, Viliam
Formato: Capítulo de libro
Lenguaje:eslovaco
Materias:
Etiquetas: Agregar Etiqueta
Sin Etiquetas, Sea el primero en etiquetar este registro!

MARC

LEADER 00000naa a2200000 4500
001 0201899
005 20221020085009.8
041 0 |a slo 
044 |a SK 
245 1 0 |a Efektívnosť verejných výdavkov vo vzťahu k rozvoju spoločnosti v krajinách európskej únie  |c Pavol Kráľ, Viliam Pischko 
520 |a Vyhodnotenie efektívnosti verejných výdavkov vybraných štátov Európskej únie v kontexte rozvoja spoločnosti a identifikovanie štátov, ktoré v tomto kontexte narábajú neefektívne s verejnými výdavkami v porovnaní s ostatnými štátmi. 
610 2 0 |a výdavky verejné 
610 2 0 |a Európska únia 
610 2 0 |a efektívnosť ekonomická 
610 2 0 |a ukazovatele makroekonomické 
610 2 0 |a porovnanie medzinárodné 
100 1 |a Kráľ, Pavol 
700 1 |a Pischko, Viliam